00506nam a22001457a 450000500170000000800410001702000340005804100130009208200130010510000130011824501280013126000440025930000320030365000250033520231208104209.0231208b |||||||| |||| 00| 0 eng d a9780409016307 ; 9780409016284 aEnglish  a349 BUT  lEnglish  aButterworths Forms and Precedents : bAdministration of Estates, Donations, Estate Planning, Trusts and Trustees and Wills  aDurban : bLexisNexis (Pty) Ltd, c1996 bviii, 726 pages ; c26 cm.  aLegal practice bLaw